000 00287nam a22000977a 4500
999 _c515573
_d515573
082 _aTNC A99 K898
100 _aKrishnaswamy, K. S.
_921254
245 _aWindows of opportunity:
_bMemoirs of an economic adviser
_cby K. S. Krishnaswamy
260 _aHyderabad
_bOrient
_c2010
300 _a190p.